| 000 | 01258nam a22003495a 4500 | ||
|---|---|---|---|
| 005 | 20201128013221.0 | ||
| 006 | a||||fr||z| 00| 0 | ||
| 008 | 150817t2007 njua|||fr|||| 001 0 eng d | ||
| 010 | _a2005035835 | ||
| 020 | _a0131739697 | ||
| 020 | _a9780131739697 | ||
| 035 | _a(OCoLC)ocm62533919 | ||
| 040 |
_aEG-ScBUE _beng _cEG-ScBUE |
||
| 082 | 0 | 4 |
_a621.381 _bTOC _222 |
| 100 | 1 |
_aTocci, Ronald J. _9965 |
|
| 245 | 1 | 0 |
_aDigital systems : _bprinciples and applications / _cRonald J. Tocci, Neal S. Widmer, Gregory L. Moss. |
| 250 | _a10th ed., Pearson International ed. | ||
| 260 |
_aUpper Saddle River : _bPearson Prentice Hall, _cc.2007. |
||
| 300 |
_axxv, 940 p. : _bill. (some col.) ; _c29 cm. + _e1 CD-ROM (4 3/4 in.) |
||
| 500 | _aIndex : p. 922-940. | ||
| 500 | _aCover : "10th anniversary edition". | ||
| 500 | _aGlossary : p. 898-910. | ||
| 504 | _aIncludes bibliographical references. | ||
| 590 | _ayassmeen ashraf | ||
| 650 | 1 | 0 |
_aDigital electronics _vTextbooks. _2BUEsh _91496 |
| 651 | _2BUEsh | ||
| 653 |
_bCOMSCI _cAugust2015 |
||
| 700 | 1 | _aWidmer, Neal S. | |
| 700 | 1 | _aMoss, Gregory L. | |
| 856 | 4 | 1 |
_3Table of contents only _uhttp://www.loc.gov/catdir/toc/ecip064/2005035835.html |
| 942 |
_cBB _k621.381 TOC _2ddc |
||
| 999 |
_c1485 _d1485 |
||